<?xml version="1.0" encoding="UTF-8"?>
<record
    xmlns:xsi="http://www.w3.org/2001/XMLSchema-instance"
    xsi:schemaLocation="http://www.loc.gov/MARC21/slim http://www.loc.gov/standards/marcxml/schema/MARC21slim.xsd"
    xmlns="http://www.loc.gov/MARC21/slim">

  <leader>01669nam a22001817a 4500</leader>
  <controlfield tag="003">OSt</controlfield>
  <controlfield tag="005">20240508104017.0</controlfield>
  <controlfield tag="008">240409s2020    ag ||||| |||| 00| p spa d</controlfield>
  <datafield tag="020" ind1=" " ind2=" ">
    <subfield code="a">9789877710571</subfield>
  </datafield>
  <datafield tag="040" ind1=" " ind2=" ">
    <subfield code="c">besoc</subfield>
  </datafield>
  <datafield tag="100" ind1="1" ind2=" ">
    <subfield code="a">Acosta, Ra&#xFA;l</subfield>
    <subfield code="d">1944-</subfield>
    <subfield code="e">autor</subfield>
  </datafield>
  <datafield tag="245" ind1="1" ind2="0">
    <subfield code="a">Pajaritos populares :</subfield>
    <subfield code="b">Poemas del Bigote /</subfield>
    <subfield code="c">Bigote Acosta</subfield>
  </datafield>
  <datafield tag="260" ind1=" " ind2=" ">
    <subfield code="a">Santa Fe :</subfield>
    <subfield code="b">[s. n],</subfield>
    <subfield code="c">2020</subfield>
  </datafield>
  <datafield tag="300" ind1=" " ind2=" ">
    <subfield code="a">58 p.</subfield>
  </datafield>
  <datafield tag="520" ind1=" " ind2=" ">
    <subfield code="a">"Cuando un poeta nombra a los p&#xE1;jaros, el que vuela es &#xE9;l. Y desde arriba, libre, comparte su vuelo y nos lleva, como en un sue&#xF1;o, al mundo ideal. En un suspiro nos dir&#xE1; que hab&#xED;a primaveras sin nosotros, pero que todas son nuestras. Qu&#xE9; hay perfumes que se quedan, para siempre. Que el amor es sonrisa y llanto, es eterno y sin vueltas y en el lecho, los amantes tienen un horizonte diferente. El poeta es s&#xF3;lo eso. Vive en poes&#xED;a y elegir&#xE1; su idioma, invariablemente, hasta para decir lo insignificante. Nombrar una flor o una caricia, al silencio y a las penas, a la rutina y las cicatrices, al cabo a la vida, prueba que en los poemas no hay mentiras y que la belleza est&#xE1; en las palabras. El Bigote es un testigo fiel de los gestos de una generaci&#xF3;n de buscadores de belleza, de sus vivencias, sus verdades y mentiras. Conmueve, sacude, se pierde en un cabello, para volver en una multitud y despu&#xE9;s en un recuerdo, o en la esperanza. Ra&#xFA;l Emilio Acosta, de profesi&#xF3;n poeta, desnuda su alma aqu&#xED;, para que la comparemos con la nuestra, que es igual. Vamos a volar con &#xE9;l, subidos a la aventura del artista, para escapar hacia adelante, sin red.". [Nota del editor]</subfield>
  </datafield>
  <datafield tag="650" ind1=" " ind2="4">
    <subfield code="a">Literatura argentina</subfield>
    <subfield code="v">Poes&#xED;a</subfield>
    <subfield code="y">Siglo XXI</subfield>
  </datafield>
  <datafield tag="942" ind1=" " ind2=" ">
    <subfield code="2">udc</subfield>
    <subfield code="c">OG</subfield>
    <subfield code="n">0</subfield>
  </datafield>
  <datafield tag="999" ind1=" " ind2=" ">
    <subfield code="c">232</subfield>
    <subfield code="d">232</subfield>
  </datafield>
  <datafield tag="952" ind1=" " ind2=" ">
    <subfield code="0">0</subfield>
    <subfield code="1">0</subfield>
    <subfield code="2">udc</subfield>
    <subfield code="4">0</subfield>
    <subfield code="7">0</subfield>
    <subfield code="8">CG</subfield>
    <subfield code="a">ESOCIALES</subfield>
    <subfield code="b">ESOCIALES</subfield>
    <subfield code="d">2024-05-08</subfield>
    <subfield code="l">0</subfield>
    <subfield code="o">82-1(821.6) AC185</subfield>
    <subfield code="p">000130</subfield>
    <subfield code="r">2024-05-08 00:00:00</subfield>
    <subfield code="w">2024-05-08</subfield>
    <subfield code="y">OG</subfield>
  </datafield>
</record>
